Prvá stavebná sporiteľňa výročná správa 2001

Salvato in:
Dettagli Bibliografici
Natura: Libro
Lingua:slovacco
tedesco
Pubblicazione: Bratislava Prvá stavebná sporiteľňa, a.s. [2002]
Soggetti:
Tags: Aggiungi Tag
Nessun Tag, puoi essere il primo ad aggiungerne!!

MARC

LEADER 00000nam$a2200000$$$4500
001 0003868
005 20240108123741.2
041 0 |a slo 
041 0 |a ger 
044 |a SK 
245 1 0 |a Prvá stavebná sporiteľňa  |b výročná správa 2001 
264 1 |a Bratislava  |b Prvá stavebná sporiteľňa, a.s.  |c [2002] 
300 |a 102 s. 
610 2 0 |a sporiteľne stavebné 
610 2 0 |a banky 
610 2 0 |a predstavenstvo 
610 2 0 |a akcionári 
610 2 0 |a prognózy 
610 2 0 |a závierka účtovná 
610 2 0 |a audit